[Event "Indywidualne Mistrzostwa Polski Juniorow Mlodszych do 14 lat OOM Podlaskie 2015 "]
[Site "Suwalki"]
[Date "1899-12-30"]
[Round "5.2"]
[White "Woloch, Oskar"]
[Black "Raczynski, Krzysztof"]
[Result "1/2-1/2"]
[WhiteTitle "k"]
[BlackTitle "I+"]
[WhiteElo "2110"]
[BlackElo "1758"]

1. d4 Nf6 2. Nf3 g6 3. c4 Bg7 4. e3 O-O 5. b4 a5 6. b5 d6 7. Bb2 c5 8. Nbd2 Nbd7
9. Be2 Qc7 10. O-O e5 11. dxe5 dxe5 12. Qc2 b6 13. Rad1 Bb7 14. Ng5 Rad8 15. Bf3
h6 16. Bxb7 hxg5 17. Bc6 Nb8 18. Bf3 Rfe8 19. Ne4 Nxe4 20. Bxe4 Rxd1 21. Rxd1
Rd8 22. Bd5 Rd6 23. Qd2 Kf8 24. f4 Qe7 25. fxg5 Qxg5 26. e4 Qxd2 27. Rxd2 Nd7
28. Rf2 Rf6 29. Bc1 Rxf2 30. Kxf2 Bf6 31. Kf3 Kg7 32. Be3 Nf8 33. g3 Nh7 34. h4
Be7 35. Bc6 Bd8 36. Bd2 Be7 37. Bc3 Bd6 38. a4 Bc7 39. Bb2 Bd6 40. Bc1 Be7 1/2-1/2

[Event "Indywidualne Mistrzostwa Polski Juniorow Mlodszych do 14 lat OOM Podlaskie 2015 "]
[Site "Suwalki"]
[Date "1899-12-30"]
[Round "5.3"]
[White "Nowak, Mikolaj"]
[Black "Gumularz, Szymon"]
[Result "0-1"]
[WhiteTitle "I"]
[BlackTitle "I++"]
[WhiteElo "1939"]
[BlackElo "2305"]

1. e4 c5 2. Nf3 Nc6 3. d4 cxd4 4. Nxd4 Nf6 5. Nc3 d6 6. g3 Bg4 7. Be2 Bxe2 8. Ndxe2
g6 9. O-O Bg7 10. Nf4 O-O 11. Nfd5 Nd7 12. Be3 Rc8 13. Ne2 Bxb2 14. Rb1 Bg7 15.
Rxb7 e6 16. Nb4 Nxb4 17. Rxb4 Ne5 18. Rb7 Rc7 19. Rb3 Qc8 20. Nd4 Nc4 21. Bg5
h6 22. Bc1 Rd8 23. f4 Nb6 24. Nb5 Rxc2 25. Be3 Na4 26. Nxa7 Qc4 27. Rb4 Qxa2 28.
Rf2 Rxf2 29. Bxf2 Nc3 30. Qd3 Ra8 31. Rb7 Qa4 32. e5 Ne4 33. Be3 dxe5 34. fxe5
Bxe5 35. Kg2 Nd6 36. Rd7 0-1

[Event "Indywidualne Mistrzostwa Polski Juniorow Mlodszych do 14 lat OOM Podlaskie 2015 "]
[Site "Suwalki"]
[Date "1899-12-30"]
[Round "5.4"]
[White "Kaminski, Maciej"]
[Black "Kowalski, Igor"]
[Result "0-1"]
[WhiteTitle "II+"]
[BlackTitle "k"]
[WhiteElo "1600"]
[BlackElo "2084"]

1. d4 Nf6 2. c4 e6 3. Nc3 Bb4 4. Qc2 c5 5. dxc5 Na6 6. e3 Nxc5 7. a3 Bxc3+ 8. Qxc3
O-O 9. Nf3 d5 10. b4 Nce4 11. Qc2 Ng4 12. Be2 Ngxf2 13. O-O Ng4 14. Nd4 Qh4 15.
h3 Ngf6 16. Bb2 Qh6 17. Rf3 Ng5 18. Rf4 Qg6 19. Bd3 Nfe4 20. Bxe4 dxe4 21. Rh4
e5 22. Kh1 exd4 23. exd4 e3 24. Qe2 Ne4 25. Qf3 Nf2+ 26. Kh2 Nd3 27. Bc1 Ne1 28.
Qe2 Nc2 29. Ra2 Qd6+ 30. Kh1 Nxd4 31. Qh5 h6 32. Bxe3 Nf5 33. Bc5 Qxc5 34. bxc5
Ng3+ 35. Kh2 Nxh5 36. Rxh5 Bd7 37. a4 Bc6 38. a5 a6 39. Rc2 Rfe8 40. Rh4 Re5 0-1

[Event "Indywidualne Mistrzostwa Polski Juniorow Mlodszych do 14 lat OOM Podlaskie 2015 "]
[Site "Suwalki"]
[Date "1899-12-30"]
[Round "5.5"]
[White "Wyczling, Bartosz"]
[Black "Garbowski, Jakub"]
[Result "1/2-1/2"]
[WhiteTitle "I"]
[BlackTitle "I+"]
[WhiteElo "1926"]
[BlackElo "1964"]

1. d4 Nf6 2. c4 g6 3. f3 d5 4. cxd5 Nxd5 5. e4 Nb6 6. Nc3 Bg7 7. Be3 O-O 8. Qd2
e5 9. d5 c6 10. Rd1 cxd5 11. exd5 N8d7 12. Bd3 Nc4 13. Bxc4 Qh4+ 14. Bf2 Qxc4
15. Nge2 Nf6 16. O-O Rd8 17. b3 Qa6 18. Qe3 Re8 19. a4 e4 20. Nxe4 Nxe4 21. fxe4
f5 22. Ng3 fxe4 23. Qf4 Bf5 24. Nxf5 gxf5 25. d6 Rf8 26. Bc5 Qc6 27. Be3 Rad8
28. Qg3 Kh8 29. Bg5 Rd7 30. Be7 Rxe7 31. dxe7 Qc5+ 32. Kh1 Qxe7 33. Rc1 Be5 34.
Qe3 Bb8 35. g3 Qe6 36. Rc4 Rd8 37. Qg5 Rf8 38. Rb4 b6 39. Rb5 Be5 40. g4 a6 41.
gxf5 Qd6 42. Rxe5 Qxe5 43. Qg3 Rxf5 44. Rxf5 Qxf5 45. Qb8+ 1/2-1/2

[Event "Indywidualne Mistrzostwa Polski Juniorow Mlodszych do 14 lat OOM Podlaskie 2015 "]
[Site "Suwalki"]
[Date "1899-12-30"]
[Round "5.6"]
[White "Psyk, Radoslaw"]
[Black "Polczyk, Mikolaj"]
[Result "1-0"]
[WhiteTitle "k"]
[BlackTitle "I"]
[WhiteElo "2230"]
[BlackElo "1571"]

1. e4 e6 2. d4 d5 3. Nd2 Nf6 4. e5 Nfd7 5. Bd3 c5 6. c3 Nc6 7. Ne2 cxd4 8. cxd4
f6 9. Nf4 Nxd4 10. Qh5+ Ke7 11. Ng6+ hxg6 12. exf6+ Nxf6 13. Qxh8 Kf7 14. O-O
e5 15. Nb3 Nxb3 16. axb3 Bf5 17. Bxf5 gxf5 18. Bg5 Be7 19. Qh3 Ke6 20. Qd3 Qb6
21. Rac1 Rd8 22. Be3 d4 23. Qc4+ Nd5 24. Bd2 a6 25. Rfe1 Bf6 26. Qa4 Rf8 27. b4
Be7 28. Qb3 Bxb4 29. Bxb4 Qxb4 30. Qg3 e4 31. Qxg7 d3 32. Rcd1 Nf4 33. Qh6+ Ke5
34. Qg7+ Ke6 35. g4 fxg4 36. Qxg4+ Ke5 37. Re3 Rf6 38. Qg5+ Rf5 39. Qg7+ Rf6 40.
Rde1 Ne2+ 41. R3xe2 dxe2 42. Rxe2 Qd4 43. Qg5+ Rf5 44. Qe7+ Kf4 45. Qh4+ Ke5 46.
Re3 Rf4 47. Qe7+ Kf5 48. Qf7+ Ke5 49. Qg7+ Kd5 50. Qxb7+ Ke5 51. Qg7+ Kd5 52.
Qg5+ Qe5 53. Qd8+ Qd6 54. Qxd6+ Kxd6 55. Ra3 Rg4+ 56. Kf1 Rh4 57. Rxa6+ Kc5 58.
Ra4 Rxh2 59. Rxe4 Rh1+ 60. Kg2 Rb1 61. b4+ Kd5 62. Rh4 Ke6 63. Kg3 Rb3+ 64. f3
Kf6 65. Rc4 Kg6 66. Kg4 Rb1 67. Rc6+ Kf7 68. Rb6 Kg7 69. f4 Kf7 70. Kf5 Kf8 71.
Kf6 Ke8 72. Rb7 Rb3 73. f5 Rb2 74. Rb8+ Kd7 75. Kg7 Rg2+ 76. Kf7 1-0

[Event "Indywidualne Mistrzostwa Polski Juniorow Mlodszych do 14 lat OOM Podlaskie 2015 "]
[Site "Suwalki"]
[Date "1899-12-30"]
[Round "5.7"]
[White "Lukasiewicz, Krzysztof"]
[Black "Ulatowski, Jakub"]
[Result "1-0"]
[WhiteTitle "I++"]
[BlackTitle "II"]
[WhiteElo "2079"]
[BlackElo "1511"]

1. e4 c5 2. Nf3 d6 3. d4 cxd4 4. Nxd4 Nf6 5. Nc3 g6 6. Bc4 Bg7 7. O-O O-O 8. Re1
Nc6 9. h3 Bd7 10. Nf3 a6 11. Bg5 Re8 12. Qd2 Qc7 13. Bxf6 exf6 14. Rad1 Rad8 15.
Qxd6 Qb6 16. Nd5 Qa7 17. Nxf6+ Bxf6 18. Qxf6 Be6 19. Bxe6 fxe6 20. Ng5 b5 21.
Nxe6 Rxd1 22. Rxd1 Qf7 23. Qxf7+ Kxf7 24. Ng5+ Kg8 25. c3 Ne5 26. f4 Nc4 27. b3
Na5 28. e5 Nb7 29. Rd7 Nc5 30. Rc7 Ne6 31. Nxe6 Rxe6 32. Kf2 1-0

[Event "Indywidualne Mistrzostwa Polski Juniorow Mlodszych do 14 lat OOM Podlaskie 2015 "]
[Site "Suwalki"]
[Date "1899-12-30"]
[Round "5.8"]
[White "Sernecki, Franciszek"]
[Black "Pacan-milej, Kosma"]
[Result "1-0"]
[WhiteTitle "I"]
[BlackTitle "I"]
[WhiteElo "1998"]
[BlackElo "1842"]

1. d4 d5 2. Nf3 Nf6 3. c4 e6 4. e3 Be7 5. Nbd2 O-O 6. Bd3 c5 7. O-O b6 8. b3 Bb7
9. Bb2 Nc6 10. Rc1 Rc8 11. Qe2 Nd7 12. Rfd1 Bf6 13. Bb1 Re8 14. Ne5 Bxe5 15. dxe5
Ncxe5 16. Bxe5 Nxe5 17. Bxh7+ Kxh7 18. Qh5+ Kg8 19. Qxe5 Qf6 20. Qxf6 gxf6 21.
cxd5 exd5 22. Nf3 Rcd8 23. Rd2 a5 24. Rb2 Rd6 25. a3 d4 26. Rd2 Bxf3 27. gxf3
Red8 28. Rcd1 d3 29. Rc1 Rd5 30. a4 Kf8 31. f4 Ke7 32. Rc3 R8d6 33. f3 Kd7 34.
e4 Rd4 35. Kf2 Kc6 36. Ke3 b5 37. Rcxd3 Rd8 38. Rxd4 cxd4+ 39. Rxd4 Rh8 40. Rd2
bxa4 41. bxa4 Kc5 42. Rb2 Kc4 43. f5 Rd8 44. Rb5 Rh8 45. Rxa5 Rxh2 46. Ra6 Rh6
47. Rb6 1-0

[Event "Indywidualne Mistrzostwa Polski Juniorow Mlodszych do 14 lat OOM Podlaskie 2015 "]
[Site "Suwalki"]
[Date "1899-12-30"]
[Round "5.9"]
[White "Lis, Mateusz"]
[Black "Pytel, Maciej"]
[Result "1-0"]
[WhiteTitle "I"]
[BlackTitle "I"]
[WhiteElo "1926"]
[BlackElo "1821"]

1. e4 c5 2. Nf3 e6 3. d4 cxd4 4. Nxd4 Nc6 5. Nc3 Qc7 6. Be2 a6 7. O-O Nf6 8. Be3
Bb4 9. Bd3 b5 10. a4 Nxd4 11. Bxd4 e5 12. Be3 Bxc3 13. bxc3 bxa4 14. Rxa4 O-O
15. Qd2 Bb7 16. f3 Rfc8 17. c4 Bc6 18. Ra5 d6 19. Rfa1 Bb7 20. Qf2 Nd7 21. g4
Nb8 22. c3 Nc6 23. R5a4 Qd7 24. Bb6 Nd8 25. Ra5 Ne6 26. Be3 Rc6 27. Bf1 Qc7 28.
h4 Nc5 29. R1a2 Bc8 30. h5 Nb7 31. R5a3 Be6 32. h6 f6 33. hxg7 Qxg7 34. Qh4 a5
35. Rg2 Qg6 36. Bd3 Kh8 37. g5 Rg8 38. Raa2 f5 39. exf5 Bxf5 40. Bxf5 Qxf5 41.
Rab2 Nc5 42. g6 Rxg6 43. Rb8+ 1-0

[Event "Indywidualne Mistrzostwa Polski Juniorow Mlodszych do 14 lat OOM Podlaskie 2015 "]
[Site "Suwalki"]
[Date "1899-12-30"]
[Round "5.10"]
[White "Poplawski, Maciej"]
[Black "Kokoszczynski, Jan"]
[Result "1-0"]
[WhiteTitle "I"]
[BlackTitle "I+"]
[WhiteElo "1737"]
[BlackElo "1906"]

1. d4 g6 2. c4 Bg7 3. Nc3 c5 4. d5 Bxc3+ 5. bxc3 f5 6. Nf3 Qa5 7. Qc2 d6 8. Bf4
Nd7 9. Nd2 Ngf6 10. f3 Nb6 11. e3 Bd7 12. Bd3 O-O-O 13. O-O Na4 14. Rac1 h6 15.
Bg3 e5 16. dxe6 Bxe6 17. e4 fxe4 18. fxe4 Nh5 19. e5 Nxg3 20. hxg3 dxe5 21. Rf6
Bf5 22. Bxf5+ gxf5 23. Qxf5+ Kb8 24. Qxe5+ Qc7 25. Qe3 Rhe8 26. Qf2 Qe5 27. Rf3
Nb2 28. Rb1 Nd3 29. Qf1 Qxc3 30. Nb3 Qxc4 31. Na5 Qd4+ 32. Kh2 Nb4 33. Rf7 Rd7
34. Qb5 Re5 35. Rf8+ Kc7 36. Qxb7+ Kd6 37. Qb8+ Kd5 38. Qa8+ Ke6 39. Qf3 Kd6 40.
Rd1 Qxd1 41. Qxd1+ Ke7 42. Rf7+ Kxf7 43. Qxd7+ 1-0

[Event "Indywidualne Mistrzostwa Polski Juniorow Mlodszych do 14 lat OOM Podlaskie 2015 "]
[Site "Suwalki"]
[Date "1899-12-30"]
[Round "5.11"]
[White "Miszkielo, Bartosz"]
[Black "Golenia, Jan"]
[Result "1-0"]
[WhiteTitle "I"]
[BlackTitle "I"]
[WhiteElo "1823"]
[BlackElo "1725"]

1. e4 d5 2. exd5 Qxd5 3. Nc3 Qd6 4. d4 a6 5. Nf3 Nf6 6. g3 Bg4 7. Bg2 e6 8. Bf4
Qd7 9. Qd2 Bxf3 10. Bxf3 Nc6 11. O-O-O O-O-O 12. d5 exd5 13. Nxd5 Nxd5 14. Qxd5
Bd6 15. Bxd6 cxd6 16. Qc4 Rhf8 17. Bxc6 bxc6 18. Qxa6+ Qb7 19. Qa4 g6 20. Rd3
Rfe8 21. Rb3 Qc7 22. Qa6+ Kd7 23. Rb7 Ra8 24. Rxc7+ Kxc7 25. Qc4 d5 26. Qf4+ Kb6
27. a3 f5 28. Qb4+ Kc7 29. Re1 Rad8 30. Rxe8 Rxe8 31. Kd2 Re4 32. Qc5 h5 33. f3
Re8 34. a4 d4 35. Qxd4 Rd8 36. Qxd8+ Kxd8 37. b4 Kc7 38. c4 Kb6 39. Ke3 g5 40.
Kd4 g4 41. f4 Kc7 42. c5 Kd7 43. b5 Kc7 44. b6+ Kb7 45. a5 Ka6 46. Ke5 Kxa5 47.
b7 Ka6 48. b8=Q Ka5 49. Qb3 Ka6 50. Qb6# 1-0

[Event "Indywidualne Mistrzostwa Polski Juniorow Mlodszych do 14 lat OOM Podlaskie 2015 "]
[Site "Suwalki"]
[Date "1899-12-30"]
[Round "5.12"]
[White "Modlich, Piotr"]
[Black "Godzwon, Iwo"]
[Result "0-1"]
[WhiteTitle "II+"]
[BlackTitle "I"]
[WhiteElo "1665"]
[BlackElo "1801"]

1. e4 c5 2. Nf3 e6 3. d4 cxd4 4. Nxd4 Nf6 5. Nc3 d6 6. g4 a6 7. g5 Nfd7 8. Be3
b5 9. a3 Bb7 10. h4 Nc6 11. Qg4 Nce5 12. Qg2 Nb6 13. h5 Qc7 14. g6 hxg6 15. hxg6
Rxh1 16. gxf7+ Qxf7 17. Qxh1 Nec4 18. O-O-O e5 19. Nde2 O-O-O 20. Bg5 Be7 21.
Bxe7 Qxe7 22. Qg2 Kb8 23. Nd5 Bxd5 24. Rxd5 Qc7 25. Nc3 Nxa3 26. f3 Nbc4 27. Rd3
Qa5 28. Nb1 Qe1+ 29. Rd1 Qxd1+ 0-1

[Event "Indywidualne Mistrzostwa Polski Juniorow Mlodszych do 14 lat OOM Podlaskie 2015 "]
[Site "Suwalki"]
[Date "1899-12-30"]
[Round "5.13"]
[White "Kubiak, Jakub"]
[Black "Wierzbicki, Michal"]
[Result "1/2-1/2"]
[WhiteTitle "I"]
[BlackTitle "I"]
[WhiteElo "1753"]
[BlackElo "1687"]

1. e4 e6 2. d4 d5 3. Nd2 b6 4. Ngf3 Nf6 5. exd5 Qxd5 6. Bc4 Qd8 7. Qe2 Bb7 8. Ne5
Nd5 9. Ne4 Be7 10. Qg4 O-O 11. Bh6 Bf6 12. Bg5 Bxg5 13. Nxg5 Qf6 14. Bd3 g6 15.
Qh4 Qg7 16. Be4 c6 17. Bxd5 cxd5 18. O-O-O h6 19. Ngxf7 Rxf7 20. Nxf7 Kxf7 21.
Qf4+ Kg8 22. Rhe1 Bc8 23. Rd3 Nc6 24. Rc3 Bd7 25. Rd1 Rf8 26. Qd6 Nxd4 27. Rxd4
Qxd4 28. Qxd7 Qxf2 29. Qxe6+ Qf7 30. Re3 Qxe6 31. Rxe6 Rf1+ 32. Kd2 Rf2+ 33. Re2
Rxe2+ 34. Kxe2 Kf7 35. Kd3 Ke6 36. Kd4 Kd6 37. a4 Ke6 38. c4 dxc4 39. Kxc4 a6
40. a5 bxa5 41. Kc5 a4 42. Kb4 Kd5 43. Kxa4 Kc6 44. Ka5 Kb7 45. b4 Ka7 46. b5
axb5 47. Kxb5 Kb7 48. Kc5 Kc7 49. Kd5 Kd7 50. Ke5 Ke7 51. g4 g5 52. Kf5 1/2-1/2

[Event "Indywidualne Mistrzostwa Polski Juniorow Mlodszych do 14 lat OOM Podlaskie 2015 "]
[Site "Suwalki"]
[Date "1899-12-30"]
[Round "5.14"]
[White "Brozyna, Mateusz"]
[Black "Laszczak, Przemyslaw"]
[Result "0-1"]
[WhiteTitle "II"]
[BlackTitle "I"]
[WhiteElo "1641"]
[BlackElo "1930"]

1. d4 d5 2. c4 c6 3. Nf3 Nf6 4. Nc3 e6 5. Bg5 Nbd7 6. cxd5 exd5 7. e3 Bd6 8. Bd3
h6 9. Bf4 O-O 10. Qc2 Re8 11. O-O-O b5 12. Kb1 b4 13. Na4 Bb7 14. h3 Qa5 15. g4
Ne4 16. g5 Nb6 17. Bxe4 dxe4 18. Nc5 Bxc5 19. dxc5 exf3 20. cxb6 axb6 21. b3 hxg5
22. Bg3 c5 23. Rd2 0-1

[Event "Indywidualne Mistrzostwa Polski Juniorow Mlodszych do 14 lat OOM Podlaskie 2015 "]
[Site "Suwalki"]
[Date "1899-12-30"]
[Round "5.15"]
[White "Ochowicz, Jakub"]
[Black "Modlich, Kacper"]
[Result "1-0"]
[WhiteTitle "I"]
[BlackTitle "II+"]
[WhiteElo "1927"]
[BlackElo "1626"]

1. e4 c5 2. Nf3 d6 3. d4 cxd4 4. Nxd4 Nf6 5. Nc3 a6 6. Be3 e6 7. a4 Be7 8. Be2
O-O 9. O-O Nc6 10. f4 Qc7 11. Kh1 Re8 12. Bd3 Nb4 13. Qf3 b6 14. Qg3 Bb7 15. e5
Nh5 16. Qh3 g6 17. f5 exf5 18. Nxf5 f6 19. Nxe7+ Qxe7 20. exf6 Nxf6 21. Bg5 Rf8
22. Qh4 Nxd3 23. Bxf6 Rxf6 24. Rxf6 Ne5 25. Raf1 Kg7 26. Ne4 Rf8 27. Ng5 Nf3 28.
R6xf3 Rxf3 29. Qxh7+ Kf6 30. Qxe7+ Kxe7 31. Nxf3 Bxf3 32. Rxf3 1-0

[Event "Indywidualne Mistrzostwa Polski Juniorow Mlodszych do 14 lat OOM Podlaskie 2015 "]
[Site "Suwalki"]
[Date "1899-12-30"]
[Round "5.16"]
[White "Gaj, Szymon"]
[Black "Jobda, Rafal"]
[Result "1-0"]
[WhiteTitle "I"]
[BlackTitle "II"]
[WhiteElo "1884"]
[BlackElo "1640"]

1. d4 d5 2. c4 c6 3. Nf3 Nf6 4. Nc3 dxc4 5. a4 Bf5 6. e3 e6 7. Bxc4 Bb4 8. O-O
Nbd7 9. Qb3 a5 10. Nd2 Bg6 11. Kh1 Nb6 12. Be2 O-O 13. Rd1 Nbd5 14. Bf3 Qc7 15.
e4 Nb6 16. e5 Nfd5 17. Nde4 h6 18. Be3 Rfd8 19. Rac1 Qe7 20. g3 Rac8 21. Kg2 Nxe3+
22. fxe3 Nd5 23. Nxd5 cxd5 24. Nc3 Rc6 25. Be2 Rdc8 26. Bb5 R6c7 27. h4 Be4+ 28.
Kh2 g5 29. Nxe4 Rxc1 30. Rxc1 Rxc1 31. Nf6+ Kh8 32. Qd3 1-0

[Event "Indywidualne Mistrzostwa Polski Juniorow Mlodszych do 14 lat OOM Podlaskie 2015 "]
[Site "Suwalki"]
[Date "1899-12-30"]
[Round "5.17"]
[White "Fus, Jakub"]
[Black "Butyrowski, Marcel"]
[Result "1/2-1/2"]
[WhiteTitle "II+"]
[BlackTitle "II"]
[WhiteElo "1821"]
[BlackElo "1514"]

1. d4 d5 2. Nf3 Nf6 3. c4 e6 4. g3 c6 5. Qc2 Nbd7 6. Bg2 Be7 7. O-O dxc4 8. Qxc4
O-O 9. Nc3 Nb6 10. Qd3 Nbd5 11. a3 a5 12. e4 Nxc3 13. bxc3 b6 14. Qc2 Ba6 15.
Re1 Rc8 16. e5 Nd5 17. c4 Nc7 18. Qa4 Bb7 19. Rb1 Na8 20. Bb2 c5 21. Red1 Bc6
22. Qc2 Qe8 23. Qe2 cxd4 24. Nxd4 Bxg2 25. Kxg2 Nc7 26. Rbc1 Bc5 27. Qe4 Na6 28.
Nb5 Qe7 29. Rd3 Nb8 30. Rcd1 Nc6 31. Rd7 Qg5 32. f4 Qh5 33. Qf3 Qf5 34. Qd3 Qh5
35. h3 Rcd8 36. g4 Qh6 37. Qe4 Qh4 38. Qe2 Rxd7 39. Rxd7 Rd8 40. Rxd8+ Qxd8 41.
Kg3 g6 42. Bc3 Qe7 43. Qe4 Qd7 44. Qe2 Qe7 45. Bb2 Qd7 1/2-1/2

[Event "Indywidualne Mistrzostwa Polski Juniorow Mlodszych do 14 lat OOM Podlaskie 2015 "]
[Site "Suwalki"]
[Date "1899-12-30"]
[Round "5.18"]
[White "Leskiewicz, Ignacy"]
[Black "Zolkiewski, Jakub"]
[Result "1-0"]
[WhiteTitle "I"]
[BlackTitle "II"]
[WhiteElo "1692"]
[BlackElo "1609"]

1. e4 c5 2. Nf3 d6 3. d4 cxd4 4. Nxd4 Nc6 5. Nc3 Nf6 6. f3 g6 7. Be3 Bg7 8. Qd2
O-O 9. O-O-O Bd7 10. g4 Rc8 11. Be2 Ne5 12. g5 Ne8 13. h4 Nc4 14. Bxc4 Rxc4 15.
h5 Bh8 16. Qh2 Bg7 17. hxg6 fxg6 18. Qxh7+ Kf7 19. Rh6 Rh8 20. Qxg6+ Kf8 21. Rxh8+
Bxh8 22. Rh1 Bg7 23. Nf5 Bxf5 24. Qxf5+ Nf6 25. gxf6 Bxf6 26. Rh8+ 1-0

[Event "Indywidualne Mistrzostwa Polski Juniorow Mlodszych do 14 lat OOM Podlaskie 2015 "]
[Site "Suwalki"]
[Date "1899-12-30"]
[Round "5.19"]
[White "Stanowski, Mateusz"]
[Black "Jarzebowski, Kacper"]
[Result "0-1"]
[WhiteTitle "II"]
[BlackTitle "I"]
[WhiteElo "1401"]
[BlackElo "1660"]

1. d4 Nf6 2. c4 e6 3. Nc3 Bb4 4. Bd2 b6 5. e3 Bb7 6. a3 Bxc3 7. Bxc3 O-O 8. Nf3
d5 9. Rc1 Nbd7 10. Be2 c5 11. O-O Rc8 12. b3 Qe7 13. Bb2 Rfd8 14. Qc2 dxc4 15.
bxc4 h6 16. Nd2 Nf8 17. Bf3 Ng6 18. Bxb7 Qxb7 19. dxc5 Nh4 20. e4 Rxc5 21. Bxf6
gxf6 22. Qc3 Rg5 23. Kh1 Rxg2 24. Qxf6 Rxd2 25. Qxh4 Rg6 26. Rg1 Kg7 27. Rg4 Qd7
28. Rxg6+ fxg6 29. Qf4 Ra2 30. Qf3 Qf7 31. Qc3+ Kh7 32. Rc2 Rxc2 33. Qxc2 Qf3+
34. Kg1 Qxa3 35. Qd2 Qe7 36. Qd4 e5 37. Qd5 Kg7 38. Kf1 Qc7 39. Ke2 a5 40. Kd3
Kf6 41. h4 Ke7 42. Qg8 Qd8+ 43. Qd5 b5 44. Kc3 b4+ 45. Kb3 Qxd5 46. cxd5 Kd6 47.
Kc4 h5 48. f3 Ke7 49. Kb3 Kf6 50. Kc4 Ke7 51. Kb3 Kd7 52. Ka4 Kd6 53. Kb3 Kc5
54. Ka4 Kb6 55. Kb3 Kb5 56. Kc2 a4 57. Kb2 Kc5 58. Kb1 Kd6 59. Kb2 Ke7 60. Ka2
Kf6 61. Kb2 g5 62. hxg5+ Kxg5 0-1

[Event "Indywidualne Mistrzostwa Polski Juniorow Mlodszych do 14 lat OOM Podlaskie 2015 "]
[Site "Suwalki"]
[Date "1899-12-30"]
[Round "5.20"]
[White "Marciniak, Piotr"]
[Black "Gorecki, Mateusz"]
[Result "0-1"]
[WhiteTitle "III"]
[BlackTitle "II"]
[WhiteElo "1297"]
[BlackElo "1529"]

1. e4 e5 2. Nf3 Nc6 3. d4 exd4 4. Nxd4 Nf6 5. Nxc6 bxc6 6. Bd3 d6 7. Nd2 Be7 8.
O-O O-O 9. b3 Nd7 10. Bb2 Bf6 11. Bxf6 Qxf6 12. Nf3 Re8 13. Re1 Nc5 14. Qd2 h6
15. Qe3 Nxd3 16. Qxd3 Bg4 17. Nd4 d5 18. f3 dxe4 19. Rxe4 Bf5 20. Rxe8+ Rxe8 21.
Qc3 Rd8 22. Rd1 Qd6 23. b4 a5 24. a3 axb4 25. axb4 Qf6 26. Kf1 Qd6 27. Qc5 Qxc5
28. bxc5 Bxc2 29. Rc1 Bd3+ 30. Ne2 Re8 31. Re1 f6 32. Kf2 Rxe2+ 33. Rxe2 Bxe2
34. Kxe2 Kf7 35. Kd3 Ke6 36. Ke4 f5+ 37. Kd4 g5 38. g4 Kf6 39. h3 Ke6 40. Kd3
fxg4 41. hxg4 Ke5 42. Ke3 Kd5 43. Kd3 Kxc5 44. Ke4 Kd6 45. f4 gxf4 46. Kxf4 c5
47. g5 hxg5+ 48. Kxg5 Ke5 49. Kg4 Ke4 50. Kg3 Ke3 51. Kg2 c4 0-1

[Event "Indywidualne Mistrzostwa Polski Juniorow Mlodszych do 14 lat OOM Podlaskie 2015 "]
[Site "Suwalki"]
[Date "1899-12-30"]
[Round "5.21"]
[White "Banach, Jakub"]
[Black "Gozdzicki, Maciej"]
[Result "1-0"]
[WhiteTitle "II"]
[BlackTitle "II"]
[WhiteElo "1392"]
[BlackElo "1443"]

1. e4 c5 2. Nf3 e6 3. d4 cxd4 4. Nxd4 a6 5. Bd3 b5 6. O-O Bb7 7. a4 b4 8. b3 Qc7
9. Bb2 Nf6 10. Nd2 Be7 11. Qe2 d5 12. e5 Nfd7 13. f4 Bc5 14. Kh1 Nc6 15. N2f3
h6 16. Nxc6 Qxc6 17. Rad1 Bb6 18. Nd4 Qc7 19. f5 Bxd4 20. Bxd4 Nf8 21. Qg4 Rg8
22. Bb2 g6 23. fxe6 Nxe6 24. Qxb4 Qc6 25. Ba3 Qc7 26. Qd6 Qxd6 27. Bxd6 Rc8 28.
b4 h5 29. b5 axb5 30. Bxb5+ Bc6 31. Rxd5 Bxb5 32. axb5 Rxc2 33. b6 Rb2 34. Bc5
Rb5 35. Rc1 Nxc5 36. Rdxc5 Rxc5 37. Rxc5 Kd7 38. Rc7+ Ke6 39. b7 Rb8 40. Kg1 Kxe5
41. Rxf7 Rd8 42. Rd7 Rb8 43. Kf2 Ke6 44. Rg7 Kf6 45. Rc7 Ke6 46. Rc6+ Kf7 47.
Rb6 g5 48. Kf3 Ke7 49. Rh6 Kf7 50. Rxh5 Kg6 51. Kg4 Rxb7 52. Rxg5+ Kh6 53. Ra5
Rb4+ 54. Kh3 Rb3+ 55. g3 Kg6 56. Kh4 Rb2 57. h3 Rb4+ 58. g4 Rb3 59. Ra6+ Kg7 60.
g5 Kf7 61. Rf6+ Kg7 62. Kg4 Rb4+ 63. Rf4 Rb1 64. h4 Rg1+ 65. Kh5 Rc1 66. Ra4 Rc7
67. Ra5 Rb7 68. g6 Rc7 69. Kg5 Rb7 70. h5 Rb8 71. h6+ Kg8 72. h7+ Kh8 73. Kh6
Rb6 74. Ra8+ Rb8 75. Rxb8# 1-0

[Event "Indywidualne Mistrzostwa Polski Juniorow Mlodszych do 14 lat OOM Podlaskie 2015 "]
[Site "Suwalki"]
[Date "1899-12-30"]
[Round "5.22"]
[White "Rak, Maciej"]
[Black "Jagura, Norbert"]
[Result "0-1"]
[WhiteTitle "II"]
[BlackTitle "II"]
[WhiteElo "1476"]
[BlackElo "1387"]

1. e4 e6 2. d4 d5 3. Nd2 Nf6 4. e5 Nfd7 5. Bd3 c5 6. c3 Nc6 7. Ne2 c4 8. Bc2 Be7
9. O-O b5 10. f4 g6 11. g4 Qb6 12. Kh1 Bb7 13. Nf3 h5 14. g5 b4 15. Nh4 Rg8 16.
Ng3 O-O-O 17. Nf3 Qc7 18. Bd2 Nb6 19. h4 a5 20. Kh2 Ba6 21. Rf2 Bb5 22. Ng1 a4
23. a3 bxa3 24. bxa3 Na5 25. f5 gxf5 26. Nh3 Nb3 27. Ra2 Bd7 28. Be3 Rdf8 29.
Rf4 Na5 30. Qb1 Kb7 31. Bd1 Nb3 32. Nxh5 Qd8 33. Qc2 Rg6 34. Ng3 Rh8 35. h5 Rgg8
36. Rf2 Qf8 37. Qb2 Na8 38. Bxb3 cxb3 39. Ra1 Nc7 40. h6 Nb5 41. Bc1 Qc8 42. Rf3
Qc4 43. Nh5 Rc8 44. Bd2 Qe2+ 45. Kg3 Nxd4 46. Ng1 Qxe5+ 47. Bf4 Qe4 48. cxd4 Rc2
49. Qb1 b2 50. Ra2 Rg2+ 51. Kxg2 Qxb1 52. Rxb2+ Qxb2+ 53. Kg3 Qxd4 54. Ne2 Qa1
55. Bc1 Bb5 0-1

[Event "Indywidualne Mistrzostwa Polski Juniorow Mlodszych do 14 lat OOM Podlaskie 2015 "]
[Site "Suwalki"]
[Date "1899-12-30"]
[Round "5.23"]
[White "Wloch, Mikolaj"]
[Black "Mietkiewicz, Jacek"]
[Result "0-1"]
[WhiteTitle "I"]
[BlackTitle "II+"]
[WhiteElo "1564"]
[BlackElo "1505"]

1. e4 e6 2. d4 d5 3. Nd2 Nf6 4. e5 Nfd7 5. c3 c5 6. Bd3 Nc6 7. Ne2 cxd4 8. cxd4
f6 9. exf6 Qxf6 10. Nf3 h6 11. O-O Bd6 12. Bb1 O-O 13. Ng3 Qd8 14. Re1 Nf6 15.
Ne5 Qc7 16. f4 Nxd4 17. Kh1 Nc6 18. Ng6 Rf7 19. Nh5 Bd7 20. Nxf6+ Rxf6 21. Bd2
e5 22. fxe5 Bxe5 23. Nxe5 Nxe5 24. Bc3 Ng4 25. Qxd5+ Kh8 26. Qh5 Nf2+ 27. Kg1
Qb6 28. Qh4 Rf4 29. Bxg7+ Kxg7 30. Re7+ Kg8 31. Bh7+ Kh8 32. Qxh6 Nh3+ 33. Kh1
Qg1+ 34. Rxg1 Nf2# 0-1

[Event "Indywidualne Mistrzostwa Polski Juniorow Mlodszych do 14 lat OOM Podlaskie 2015 "]
[Site "Suwalki"]
[Date "1899-12-30"]
[Round "6.1"]
[White "Chylewski, Patryk"]
[Black "Woloch, Oskar"]
[Result "1/2-1/2"]
[WhiteTitle "I++"]
[BlackTitle "k"]
[WhiteElo "2036"]
[BlackElo "2110"]

1. d4 c5 2. d5 e5 3. e4 d6 4. Bb5+ Nd7 5. a4 a6 6. Bd3 Be7 7. Nf3 Ngf6 8. O-O O-O
9. Nc3 Ne8 10. Nd2 g6 11. Nc4 Bg5 12. a5 f5 13. f4 exf4 14. exf5 gxf5 15. Bxf4
Bxf4 16. Rxf4 Ne5 17. Qf1 Ng7 18. Na4 Rf6 19. Nab6 Rb8 20. Ne3 Ng6 21. Rf2 Ne7
22. Kh1 Qf8 23. Ra4 h5 24. b4 cxb4 25. Rxb4 Qe8 26. Rf3 Bd7 27. Bxa6 Rf8 28. Bd3
Rd8 29. Nbc4 Bc8 30. Rb6 Qg6 31. Qe1 Qf6 32. Qb4 Ne8 33. Rg3+ Kh8 34. Rh3 Kg8
35. Rg3+ Kh8 36. Rh3 Kg8 37. Rg3+ Kh8 38. Rh3 1/2-1/2

[Event "Indywidualne Mistrzostwa Polski Juniorow Mlodszych do 14 lat OOM Podlaskie 2015 "]
[Site "Suwalki"]
[Date "1899-12-30"]
[Round "6.2"]
[White "Gumularz, Szymon"]
[Black "Raczynski, Krzysztof"]
[Result "1-0"]
[WhiteTitle "I++"]
[BlackTitle "I+"]
[WhiteElo "2305"]
[BlackElo "1758"]

1. e4 d5 2. exd5 Nf6 3. Nf3 Nxd5 4. d4 g6 5. Bc4 Nb6 6. Bb3 Bg7 7. O-O O-O 8. c3
Nc6 9. Re1 Bg4 10. h3 Bxf3 11. Qxf3 e6 12. Bf4 Na5 13. Bc2 Nd5 14. Bh2 b5 15.
a3 Nc4 16. b3 Na5 17. Nd2 c5 18. b4 cxb4 19. axb4 Nc6 20. Be4 a5 21. bxa5 Rxa5
22. Nb3 Ra4 23. Qd3 Nce7 24. Bg3 Qa8 25. Bf3 Qa7 26. Bd6 Rc8 27. Qxb5 Nxc3 28.
Rxa4 Qxa4 29. Qxa4 Nxa4 30. Bxe7 Rc3 31. Nc5 Rc4 32. Ra1 Bxd4 33. Rxa4 Rc1+ 34.
Kh2 Bxc5 35. Bf6 Bd6+ 36. g3 Rc8 37. Kg2 Bf8 38. h4 Bg7 39. Be7 Bf8 40. Bxf8 Kxf8
41. Ra8 Rxa8 42. Bxa8 Kg7 43. Kf3 f5 44. Bc6 Kf6 45. Ke3 e5 46. Kd3 h5 47. Be8
f4 48. gxf4 exf4 49. Ke4 1-0